De l'instruction publique en France (Record no. 68829)

MARC details
000 -LEADER
campo de control de longitud fija 00613nam a22001935i 4500
001 - NÚMERO DE CONTROL
campo de control 68829
003 - IDENTIFICADOR DE NÚMERO DE CONTROL
campo de control ES-MaACL
005 - FECHA Y HORA DE LA ÚLTIMA TRANSACCIÓN
campo de control 20251004063114.0
007 - CAMPO FIJO DE DESCRIPCIÓN FÍSICA--INFORMACIÓN GENERAL
campo de control de longitud fija t|
008 - DATOS DE LONGITUD FIJA--INFORMACIÓN GENERAL
campo de control de longitud fija 960829s1842 fr ||||1| fre d
040 ## - FUENTE DE CATALOGACIÓN
Centro catalogador/agencia de origen CAM
Lengua de catalogación spa
Centro/agencia transcriptor CAM
100 1# - ENTRADA PRINCIPAL--NOMBRE DE PERSONA
Nombre de persona Girardin, Émile de,
Fechas asociadas al nombre 1806-1881
9 (RLIN) 57233
245 10 - MENCIÓN DEL TÍTULO
Título De l'instruction publique en France
Resto del título : ouvrage utile aux familles /
Mención de responsabilidad, etc. par M. Emile de Girardin.
250 ## - MENCION DE EDICION
Mención de edición 3e éd.
260 ## - PUBLICACIÓN, DISTRIBUCIÓN, ETC.
Lugar de publicación, distribución, etc. Paris :
Nombre del editor, distribuidor, etc. Mairet et Fournier,
Fecha de publicación, distribución, etc. 1842 (
Fabricante Imprimerie de Hennuyer et Turpin)
300 ## - DESCRIPCIÓN FÍSICA
Extensión 481 p. ;
Dimensiones 18 cm.
852 ## - LOCALIZACIÓN
Ubicación ES-MaACL
Número de control de estantería G-10315
Holdings
Estatus retirado Estado de pérdida Estado de daño No para préstamo Colección Biblioteca de origen Biblioteca actual Ubicación en estantería Fecha de adquisición Fuente de adquisición Total de préstamos Signatura topográfica completa Código de barras Visto por última vez Precio de reemplazo Tipo de ítem Koha
        Libros del s. XIX Biblioteca del Ateneo de Madrid Biblioteca del Ateneo de Madrid Sala Pecera Planta 3 17/01/2008     G-10315 1072077 23/02/2023 23/02/2023 Libro impreso antiguo